Kaliedoscope Level G

Сохранить в:
Библиографические подробности
Формат:
Язык:English
Опубликовано: McGraw - HillCompanies, Inc 2008
Предметы:
Метки: Добавить метку
Нет меток, Требуется 1-ая метка записи!
Thư viện lưu trữ: Mạng thư viện Đại học Đà Nẵng
LEADER 00811nam a22002531a 4500
001 000034887
003 11107
005 20151027134513.0
008 151027s2008 000 eng
020 |a 9780076088775 
041 |a eng 
082 |a 492.803 
245 |a Kaliedoscope Level G 
260 |a McGraw - HillCompanies, Inc  |c 2008 
300 |a 260p. : ill ; 25cm 
650 |a Kaliedoscope,2008, Novel, Story 
OWN |a LNN 
AVA |a UDN50  |b LNN  |d 492.803  |e available  |t Error 5001 Not defined in file expand_doc_bib_avail.  |f 1  |g 0  |h N  |i 0  |k 1 
999 |a From the UDN01 
AVA |a UDN50  |b LNN  |d 492.803  |e available  |t Error 5001 Not defined in file expand_doc_bib_avail.  |f 1  |g 0  |h N  |i 0  |k 1 
TYP |a Monograph 
980 |a Mạng thư viện Đại học Đà Nẵng